| 000 | 00588nam a2200241Ia 4500 | ||
|---|---|---|---|
| 008 | 160216s9999 xx 000 0 und d | ||
| 020 | _a971-569-469-1 | ||
| 050 | _aFIL AZ 153 | ||
| 050 | _b.C46 2003 c.3 | ||
| 100 | _aCentenera, Fe G. | ||
| 245 | _aBasic elements of humanities / | ||
| 245 | _cFe G. Centenera. | ||
| 260 | _aMakati City : | ||
| 260 | _bBookmark, Inc., | ||
| 260 | _c2003 | ||
| 300 | _a106 pages : | ||
| 300 | _bill. ; | ||
| 300 | _c25 cm. | ||
| 650 | _aHumanities -- | ||
| 650 | _aPhilippines. | ||
| 650 | _xStudy and teaching. | ||
| 942 |
_2lcc _cBK |
||
| 999 |
_c290913 _d290913 |
||